1960s One-Hit Wonders Click Quiz #2 - Statistics

General Stats
  • This quiz has been taken 36 times
  • The average score is 7 of 20
Answer Stats
Hint Answer % Correct
San Francisco (Be Sure to Wear Flowers in Your Hair) Scott McKenzie
75%
Tip Toe Thru’ The Tulips with Me Tiny Tim
72%
Eve of Destruction Barry McGuire
69%
In-A-Gadda-Da-Vida Iron Butterfly
66%
Telstar The Tornadoes
47%
More Today Than Yesterday The Spiral Starecase
38%
Last Kiss J. Frank Wilson & the Cavaliers
34%
Pata Pata Miriam Makeba
34%
Lies The Knickerbockers
34%
Tobacco Road The Nashville Teens
34%
Double Shot (of my Baby’s Love) The Swingin’ Medallions
34%
Pushin’ Too Hard The Seeds
28%
Tracey The Cuff Links
25%
Alley Cat Bent Fabric
22%
Teen Angel Mark Dinning
22%
Nobody But Me Human Beinz
19%
Journey to the Center of the Mind The Amboy Dukes
19%
Last Night The Mar-Keys
19%
Walk on the Wild Side Jimmy Smith
13%
Summer Samba (So Nice) Walter Wanderley
13%
No matching quizzes found
Score Distribution
Percent of People with Each Score
Percentile by Number Answered
Your Score History
You have not taken this quiz